000 00426nam a2200193Ia 4500
005 20251020182517.0
008 200515s9999 xx 000 0 und d
082 _a674.231/E33
245 0 _aVorbildlich Wohnen
260 _aHamburgo
260 _c1995
300 _aHulsta
500 _a1 ejemplar
650 _aDECORACION
650 _aDECORACION DE INTERIORES
650 _aLIB
650 _aMUEBLES
942 _cLIB
999 _c1623
_d1623